Eastern Utah Libraries Catalog: Duchesne, Heber, Roosevelt, & Vernal

No place for magic / (Tales of the Frog Princess Book 4) (Record no. 272696)

MARC details
000 -LEADER
fixed length control field 02029nam a2200517La 4500
001 - CONTROL NUMBER
control field ocn232648788
003 - CONTROL NUMBER IDENTIFIER
control field OCoLC
005 - DATE AND TIME OF LATEST TRANSACTION
control field 20200722162615.0
008 - FIXED-LENGTH DATA ELEMENTS--GENERAL INFORMATION
fixed length control field 080207r20082006nyu j 000 1 eng d
020 ## - INTERNATIONAL STANDARD BOOK NUMBER
International Standard Book Number 9781599902180 (pbk.) :
Terms of availability $6.95
020 ## - INTERNATIONAL STANDARD BOOK NUMBER
International Standard Book Number 1599902184 (pbk.) :
Terms of availability $6.95
035 ## - SYSTEM CONTROL NUMBER
System control number (OCoLC)232648788
040 ## - CATALOGING SOURCE
Original cataloging agency BTCTA
Transcribing agency BTCTA
Modifying agency BAKER
-- JP3
-- XY4
-- WACOL
Description conventions rda
049 ## - LOCAL HOLDINGS (OCLC)
Holding library WACL
050 14 - LIBRARY OF CONGRESS CALL NUMBER
Classification number PZ7.B17005
Item number Nop 2008
082 04 - DEWEY DECIMAL CLASSIFICATION NUMBER
Classification number [Fic]
Edition number 22
082 14 - DEWEY DECIMAL CLASSIFICATION NUMBER
Classification number FIC
Edition number 14
092 ## - LOCALLY ASSIGNED DEWEY CALL NUMBER (OCLC)
Classification number junior
Item number Bak
100 1# - MAIN ENTRY--PERSONAL NAME
Personal name Baker, E. D.
9 (RLIN) 50333
245 10 - TITLE STATEMENT
Title No place for magic / (Tales of the Frog Princess Book 4)
Statement of responsibility, etc E.D. Baker.
250 ## - EDITION STATEMENT
Edition statement Pbk. ed.
260 ## - PUBLICATION, DISTRIBUTION, ETC. (IMPRINT)
Place of publication, distribution, etc New York :
Name of publisher, distributor, etc Bloomsbury Children's Books :
-- Distributed to the trade by Macmillan,
Date of publication, distribution, etc 2008, c2006.
264 ## - Production, Publication, Distribution, Manufacture, and Copyright Notice.
Place of production, publication, distribution, manufacture New York :
Name of producer, publisher, distributor, manufacturer Bloomsbury Children's Books :
-- Distributed to the trade by Macmillan,
Date of production, publication, distribution, manufacture, or copyr 2008, c2006.
300 ## - PHYSICAL DESCRIPTION
Extent 250 p. ;
Dimensions 20 cm.
336 ## - Content Type
Content type term text
337 ## - Media type
Media type term unmediated
338 ## - Carrier type
Carrier type term volume
440 ## - SERIES STATEMENT/ADDED ENTRY--TITLE
Title Tales of the Frog Princess :
Volume number/sequential designation Book 4.
9 (RLIN) 5965325
500 ## - GENERAL NOTE
General note Originally published: New York : Bloomsbury, 2006.
520 ## - SUMMARY, ETC.
Summary, etc Emma and Eadric travel to Upper Montevista to ask his parents to bless their upcoming marriage and discover that Eadric's younger brother has been kidnapped by trolls.
521 ## - TARGET AUDIENCE NOTE
Target audience note junior fiction
Source amazon
650 #0 - SUBJECT ADDED ENTRY--TOPICAL TERM
Topical term or geographic name as entry element Magic
Form subdivision Juvenile fiction.
9 (RLIN) 5673690
650 #0 - SUBJECT ADDED ENTRY--TOPICAL TERM
Topical term or geographic name as entry element Witches
Form subdivision Juvenile fiction.
9 (RLIN) 5673737
650 #0 - SUBJECT ADDED ENTRY--TOPICAL TERM
Topical term or geographic name as entry element Trolls
Form subdivision Juvenile fiction.
9 (RLIN) 5675271
650 #1 - SUBJECT ADDED ENTRY--TOPICAL TERM
Topical term or geographic name as entry element Magic
Form subdivision Fiction.
9 (RLIN) 5673694
650 #1 - SUBJECT ADDED ENTRY--TOPICAL TERM
Topical term or geographic name as entry element Witches
Form subdivision Fiction.
9 (RLIN) 5673734
650 #1 - SUBJECT ADDED ENTRY--TOPICAL TERM
Topical term or geographic name as entry element Trolls
Form subdivision Fiction.
9 (RLIN) 5684839
650 #0 - SUBJECT ADDED ENTRY--TOPICAL TERM
Topical term or geographic name as entry element Humorous stories.
9 (RLIN) 5857280
650 #7 - SUBJECT ADDED ENTRY--TOPICAL TERM
Topical term or geographic name as entry element Magic
Form subdivision Fiction.
Source of heading or term sears
9 (RLIN) 5673694
650 #7 - SUBJECT ADDED ENTRY--TOPICAL TERM
Topical term or geographic name as entry element Witches
Form subdivision Fiction.
Source of heading or term sears
9 (RLIN) 5673734
650 #7 - SUBJECT ADDED ENTRY--TOPICAL TERM
Topical term or geographic name as entry element Trolls
Form subdivision Fiction.
Source of heading or term sears
9 (RLIN) 5684839
650 #7 - SUBJECT ADDED ENTRY--TOPICAL TERM
Topical term or geographic name as entry element Humorous fiction.
Source of heading or term sears
9 (RLIN) 5694058
800 1# - SERIES ADDED ENTRY--PERSONAL NAME
Personal name Baker, E. D.
Title of a work Tales of the frog princess ;
Volume/sequential designation bk. 4.
9 (RLIN) 5730186
942 ## - ADDED ENTRY ELEMENTS (KOHA)
Koha item type BOOK
Source of classification or shelving scheme Dewey Decimal Classification
948 ## - LOCAL PROCESSING INFORMATION (OCLC); SERIES PART DESIGNATOR (RLIN)
Series part designator, SPT (RLIN) 04/26/2010
z (OCLC) Sirsi
Holdings
Withdrawn status Lost status Source of classification or shelving scheme Damaged status Not for loan Collection code Home library Current library Shelving location Date acquired Source of acquisition Cost, normal purchase price Total Checkouts Total Renewals Full call number Barcode Date last seen Date checked out Cost, replacement price Price effective from Koha item type
    Dewey Decimal Classification     Junior Fiction Wasatch County Library Wasatch County Library Main Floor Junior Area 04/11/2018 Amazon 16.99 12 12 J Baker 34301001725730 03/11/2026 12/31/2025 16.99 03/20/2020 BOOK
This project was made possible through a grant from the Institute of Museum and Library Service administered by the Utah State Library Division.

Wasatch County Library

  • 465 East 1200 South, Heber City, Utah 84032
  • Phone 435-654-1511 | Fax 435-654-6456

Hours

  • Monday - Friday 9:30 AM - 8:00 PM
  • Saturday 9:30 AM - 1:30 PM
  • Closed Sundays and Holidays